Welcome to the Holygrace Academy Library

Please use search bar below to get started

366 READINGS FROM WORLD RELIGIONS (Record no. 5247)

MARC details
000 -LEADER
fixed length control field 00452nam a22001457a 4500
020 ## - INTERNATIONAL STANDARD BOOK NUMBER
ISBN 81-7992-602-8
082 ## - DEWEY DECIMAL CLASSIFICATION NUMBER
Classification number 200
Item number WEY/T
100 ## - MAIN ENTRY--AUTHOR NAME
Personal name WEYER, ROBERT VAN
245 ## - TITLE STATEMENT
Title 366 READINGS FROM WORLD RELIGIONS
260 ## - PUBLICATION, DISTRIBUTION, ETC. (IMPRINT)
Place of publication MUMBAI
Name of publisher JAICO PUBLICATIONS
Year of publication 2011
300 ## - PHYSICAL DESCRIPTION
Number of Pages 451
520 ## - SUMMARY, ETC.
Summary, etc HIGHLIGHTS FROM THE BHAGAVD GITA, BUDDHIST SCRIPTURES, CHRISTIAN MYSTICISM, THE QURAN, ZEN COLLECTIONS, SUFIC MYSTICISM
650 ## - SUBJECT ADDED ENTRY--TOPICAL TERM
Topical Term RELIGIOUS
Geographic subdivision INDIA
942 ## - ADDED ENTRY ELEMENTS (KOHA)
Koha item type Books
Holdings
Withdrawn status Lost status Collection code Home library Current library Shelving location Date acquired Source of acquisition Cost, normal purchase price Full call number Accession Number Koha item type
    Non-fiction Main Library Main Library SHELF 15 C-RELIGIOUS 09/10/2012 purchase 325.00 200 WEY/T 07010 Books